Представление документа в формате RUSMARC

ПолеНазваниеЗначение
  Тип записи a
  Библиографический уровень m
001 Контрольный номер RU/IS/BASE/429011899
005 Дата корректировки 20211202161210.3
010 Индекс ISBN __
a ISBN 5-222-01748-6
d Цена 92-20
200 Заглавие и сведения об ответственности 1_
a Заглавие Новый справочник медицинской сестры
f Первые сведения об ответственности Н. Г. Соколова
210 Выходные данные 1_
a Место издания Ростов н/Д
c Издательство Феникс
d Дата издания 2001
215 Физическое описание __
a Объем 574, [2] с.
225 Серия (Журнальная рубрика) 2_
a Серия (Журнальная рубрика) Медицина для вас
318 Примечание о действии __
a Действие п
330 Аннотация __
a Аннотация Рассматриваются основы деятельности медицинской сестры, представлен практикум с медико-технологическими протоколами сестринских процедур, основы базисного ухода за больными.
606 Тематические рубрики __
a Основная рубрика медицина
608 Указатель предметных рубрик __
a Жанр/форма справочник
610 Ключевые слова 0_
a Ключевые слова медсестра
a Ключевые слова режим санитарно-противоэпидемический
a Ключевые слова уход за больным
686 Индексы других классификаций __
a Индекс ББК 53.5
700 Автор _1
a Фамилия Соколова
b Имя Н. Г.
801 Источник записи _0
a Страна RU
b Организация ЦРБ, Сургут
g Правила каталогизации ОКиО/Сычева
801 Источник записи _1
a Страна RU
b Организация ЦРБ, Сургут
g Правила каталогизации ОКиО/Сычева
852 Данные о местонахождении __
j Шифр хранения 53.5
i Авторский знак С 594
p Инвентарный номер 85265
b Сигла хранения 22; 24
901 Тип документа __
t Тип документа m
990 Данные о заказе (DOS) __
h N записи в КСУ для Б/У (DOS) 2004-4
j Количество экземпляров (DOS) 6